|
|
|
|
| LEADER |
00980nam a2200253 u 4500 |
| 001 |
10030834 |
| 003 |
upatras |
| 005 |
20240916095018.0 |
| 008 |
991104s1993 uk eng |
| 020 |
|
|
|a 0521305713
|
| 040 |
|
|
|a GR-PaULI
|c GR-PaULI
|
| 041 |
0 |
|
|a eng
|
| 082 |
0 |
4 |
|a 949.503
|
| 100 |
1 |
|
|a Magdalino, Paul,
|d 1948-
|9 10808
|
| 245 |
1 |
0 |
|a The empire of Manuel I Komnenos, 1143-1180
|c Paul Magdalino
|
| 260 |
|
|
|a Cambridge
|b Cambridge University Press
|c 1993
|
| 300 |
|
|
|a xix, 557 p.
|b maps
|c 24 cm.
|
| 504 |
|
|
|a Includes bibliographical references and index
|
| 651 |
|
4 |
|9 868
|a Βυζαντινή Αυτοκρατορία
|
| 852 |
|
|
|a GR-PaULI
|b ΠΑΤΡΑ
|b ΒΚΠ
|b ΒΣ2
|k ΑΣΧΞ
|h 949.503 M
|m 051999
|p 025000068018
|t 1
|
| 942 |
|
|
|2 ddc
|c BK15
|
| 952 |
|
|
|0 0
|1 0
|2 ddc
|4 0
|6 949_503000000000000_MAG
|7 0
|9 200286
|a LISP
|b LISP
|c BSC
|d 2016-04-24
|i 051999
|l 1
|o 949.503 MAG
|p 025000068018
|r 2022-09-16 00:00:00
|s 2022-06-28
|t 1
|w 2016-04-24
|y BK15
|
| 998 |
|
|
|c ΣΥΨΑ
|d 1999-11
|
| 999 |
|
|
|c 122726
|d 122726
|